Florida!!! - Taylor Swift (All Lyrics) - Statistics

General Stats
  • This quiz has been taken 1,045 times
    1,030 since last reset
  • The average score is 356 of 426
Answer Stats
Lyrics % Correct
a
99%
A
99%
I
99%
Florida
98%
(Florida)
98%
Florida)
98%
You
98%
you
98%
of
97%
on
97%
on,
97%
to
97%
to)
97%
in
96%
the
96%
The
96%
hell
95%
So
95%
so
95%
be
94%
it
94%
can
93%
Can
93%
one
93%
your
93%
And
92%
and
92%
drug
92%
me
92%
my
92%
we
92%
Is
91%
did
90%
just
90%
know
90%
up?
90%
up,
90%
up
90%
little
89%
Little
89%
all
88%
All
88%
For
88%
town
88%
Go
87%
take
87%
(Take
87%
time
87%
too
86%
was
86%
get
85%
if
85%
it's
84%
It's
84%
when
84%
you're
84%
beat
83%
friends
83%
like
83%
only
83%
heat
82%
that
82%
got
81%
home's
81%
or
81%
They
81%
they
81%
babies
80%
fuck
80%
guest
80%
said
80%
say
80%
some
80%
regrets,
79%
smell
79%
arrested
78%
charges
78%
cheat,
78%
them
78%
use
78%
weed
78%
you'll
78%
away
77%
down
77%
guess
77%
had
77%
I'm
77%
im
77%
must
77%
really
77%
true
77%
bury
76%
life
76%
with
76%
I'll
75%
thing
75%
but
74%
I've
74%
no
74%
Texas
74%
bad
73%
crazy
73%
need
73%
this
73%
forget,
72%
myself
72%
song?
72%
Destin
71%
driving
70%
hurricane
70%
back
68%
best
68%
body
68%
bottle
68%
came
68%
city
68%
have
68%
name
67%
share
67%
Well,
66%
here
65%
husband
65%
rest
65%
What
65%
what
65%
wine
65%
been
64%
fine
64%
ghosts,
64%
mind,
64%
any
63%
pack
63%
questions
63%
At
62%
bodies
62%
haunted,
62%
pay
62%
asks
61%
bathroom
61%
cheating
61%
Tell
61%
feeling
60%
into
60%
lay
60%
are
59%
ever
59%
shitstorm
59%
unforgivable
59%
work
59%
disappeared
58%
reeks
58%
rush,
58%
drunk
57%
their
57%
wash
57%
Yes,
57%
sink
56%
girls
55%
despicable,
53%
beautiful,
52%
swamp
52%
least
51%
out
50%
wait
50%
dolls
49%
want
49%
Barricaded
48%
dont
46%
lace
46%
crimes
43%
dared
43%
crash,
39%
exist
39%
left
26%
Love
26%
No matching quizzes found
Score Distribution
Percent of People with Each Score
Percentile by Number Answered
Your Score History
You have not taken this quiz since the last reset